El misterio de las catedrales
Guardat en:
| Autor principal: | |
|---|---|
| Format: | Llibre |
| Idioma: | espanyol |
| Publicat: |
Barcelona
Plaza and Janés
1993
|
| Col·lecció: | Tribuna
|
| Matèries: | |
| Etiquetes: |
Afegir etiqueta
Sense etiquetes, Sigues el primer a etiquetar aquest registre!
|
MARC
| LEADER | 00000nam a2200000 a 4500 | ||
|---|---|---|---|
| 001 | UCP3618 | ||
| 003 | CL-VaPUC | ||
| 008 | 990625e19930000SP |||||||||||||||||spa|d | ||
| 082 | 0 | 4 | |a 726.6 |b FUL |2 21 |
| 100 | 0 | |a Fulcanelli |e author |9 430977 | |
| 245 | 1 | 3 | |a El misterio de las catedrales |
| 300 | |a 200 p | ||
| 942 | |c BK | ||
| 945 | |d 19990625 00:00:00 |a lriquelm | ||
| 260 | |a Barcelona |b Plaza and Janés |c 1993 | ||
| 650 | 7 | |a CATEDRALES |2 CL-VaPUC |9 267660 | |
| 650 | 0 | |a Arquitectura gótica |9 265519 | |
| 650 | 0 | |a Arte gótico |9 265512 | |
| 650 | 0 | |a Arquitectura medieval |9 267661 | |
| 650 | 0 | |a Diseño arquitectónico |9 265271 | |
| 650 | 7 | |a ESTRUCTURAS ARQUITECTONICAS |2 CL-VaPUC |9 430978 | |
| 650 | 0 | |a Arquitectura religiosa |9 266677 | |
| 583 | |a last modification |c 19990625 00:00:00 |k Rodrigo Vera | ||
| 490 | 0 | |a Tribuna | |
| 999 | |c 281883 |d 281881 | ||
| 952 | |0 0 |1 0 |4 0 |6 726_600000000000000_FUL_1993 |7 0 |8 A |9 322951 |a BIBHIS |b BIBHIS |d 2019-11-20 |i 3139867 |o 726.6 FUL 1993 |p 3139867 |r 2025-01-20 |w 2019-11-20 |y BK |k HIS | ||